Apertura comercial en Centroamerica: nuevos retos para la industria /

Este capítulo parte de un breve análisis de la estructura y la dinámica industrial existentes antes de las reformas económicas. En seguida, se hace un resumen de aquellas medidas de ajuste que tienen mayor relevancia para la industria manufacturera, resaltando las diferencias en las medidas adoptada...

Celý popis

Uloženo v:
Podrobná bibliografie
Hlavní autor: Altenburg, Tilman
Další autoři: ed. Nuhn, Helmut ed
Médium: Text
Vydáno: San José: Departamento Ecuménico de Investigaciones (DEI)
Témata:
Tagy: Přidat tag
Žádné tagy, Buďte první, kdo vytvoří štítek k tomuto záznamu!

MARC

LEADER 00000 a a2200000 04500
001 31525
003
040
020 |a 9977-83-088-6  
090 |a 197802  
100 |a Altenburg, Tilman  
245 |a Apertura comercial en Centroamerica: nuevos retos para la industria /  |c Tilman Altenburg 
260 |a San José:   |b Departamento Ecuménico de Investigaciones (DEI)  
300 |a 251 p.  
520 |a Este capítulo parte de un breve análisis de la estructura y la dinámica industrial existentes antes de las reformas económicas. En seguida, se hace un resumen de aquellas medidas de ajuste que tienen mayor relevancia para la industria manufacturera, resaltando las diferencias en las medidas adoptadas por cada uno de los países. La sección siguiente aporta informaciones acerca del comportamiento económico del sector durante el proceso de apertura. Después, se presenta una descripción de las medidas de reconversión realizadas por los empresarios visitados. A continuación, se analiza la capacidad de las industrias nacionales para defender sus mercados domésticos y para conquistar nuevos mercados de exportación. Este análisis se complementa con una discusión de factores que explican el desempeño relativamente satisfactorio del sector estudiado. El capítulo concluye con una discusión crítica de las perspectivas para una industrialización a largo plazo  
650 |a SECTOR INDUSTRIAL  
650 |a REFORMA ECONOMICA  
650 |a LIBERALIZACION ECONOMICA  
650 |a DESRREGULACION  
650 |a EMPRESAS INDUSTRIALES  
650 |a MODERNIZACION  
650 |a PRODUCTIVIDAD INDUSTRIAL  
650 |a COMPETITIVIDAD  
650 |a MERCADO INTERNO  
650 |a PROMOCION DE LAS EXPORTACIONES  
650 |a ANALISIS DE RESULTADOS  
650 |a RECOMENDACIONES  
700 |a ed.   |a Nuhn, Helmut   |a ed.  
999 |c 17108  |d 17108